| 000 | 00659nam a2200181 i 4500 | ||
|---|---|---|---|
| 001 | 68959 | ||
| 003 | ES-MaACL | ||
| 005 | 20230906170412.0 | ||
| 007 | t| | ||
| 008 | 040818s1911 sp ||||1| spa d | ||
| 100 | 1 |
_aTapia de Téllez, Eduardo de. _9109236 |
|
| 245 | 1 | 0 |
_aMoral militar / _cpor D. Eduardo de Tapia Téllez. |
| 260 |
_aMadrid : _bImp. de la "Revista Técnica de Infª y Cabª", _c1911. |
||
| 300 |
_a128 p. ; _c23 cm. |
||
| 500 | _aEncuadernado con: Educadores de nuestro ejército / José Ibáñez Marín. | ||
| 500 | _aPrecede al tít.: Publicaciones de la "Revista Técnica de Infantería y Caballería" | ||
| 852 |
_aES-MaACL _jF-12345(1) |
||
| 999 |
_c68959 _d68959 |
||